000 00673nam a2200181Ia 4500
008 090124s9999 xx 000 0 und d
082 _b26884
_a1597
100 _aपंडित बाळ ज.
245 _a क्रीडागंगेतील चंदेरीधारा भा. 1 ला
250 _a1
260 _c1992
300 _a95
600 _aपंडित बाळ ज.
630 _a क्रीडागंगेतील चंदेरीधारा भा. 1 ला
700 _aपंडित बाळ ज.
730 _a क्रीडागंगेतील चंदेरीधारा भा. 1 ला
942 _cBOOK
999 _c140357
_d140357